الدليل الببليوجرافى للرسائل الجامعية فى مصر 1922-1974 (رقم التسجيلة. 99891)

تفاصيل مارك
000 -LEADER
fixed length control field 00857nam a2200229 a 4500
003 - CONTROL NUMBER IDENTIFIER
control field EG-GiCUC
008 - FIXED-LENGTH DATA ELEMENTS--GENERAL INFORMATION
fixed length control field 080609m19769999ua g 000 ara d
040 ## - CATALOGING SOURCE
Original cataloging agency EG-GiCUC
Language of cataloging ara
Transcribing agency EG-GiCUC
092 04 - LOCALLY ASSIGNED DEWEY CALL NUMBER (OCLC)
Classification number 015.62075
Item number M3452
Edition number 21
099 ## - LOCAL FREE-TEXT CALL NUMBER (OCLC)
Classification number 04
-- 015.62075 M3452
110 2# - MAIN ENTRY--CORPORATE NAME
Corporate name or jurisdiction name as entry element مركز الاهرام للتنظيم والميكروفيلم
245 12 - TITLE STATEMENT
Title الدليل الببليوجرافى للرسائل الجامعية فى مصر 1922-1974
260 ## - PUBLICATION, DISTRIBUTION, ETC.
Place of publication, distribution, etc. [القاهرة] :
Name of publisher, distributor, etc. المركز :
Date of publication, distribution, etc. [1976] -
300 ## - PHYSICAL DESCRIPTION
Extent مج ؛
Dimensions 30سم
505 1# - FORMATTED CONTENTS NOTE
Formatted contents note مج1.الانسانيات-
590 ## - LOCAL NOTE (RLIN)
Local note تقتنى المكتبة فقط المجلد الاول
650 #7 - SUBJECT ADDED ENTRY--TOPICAL TERM
Topical term or geographic name entry element الرسائل الجامعية
Form subdivision ببليوجرافيات
Source of heading or term qrmak
651 #4 - SUBJECT ADDED ENTRY--GEOGRAPHIC NAME
Geographic name مصر
Form subdivision الرسائل الجامعية
902 ## - LOCAL DATA ELEMENT B, LDB (RLIN)
No. of Items 1
905 ## - LOCAL DATA ELEMENT E, LDE (RLIN)
Cataloger منى
Reviser مدخل
942 ## - ADDED ENTRY ELEMENTS (KOHA)
Source of classification or shelving scheme Dewey Decimal Classification
Koha item type Books
المقتنيات
Source of classification or shelving scheme Not for loan Home library Current library Date acquired Full call number Barcode Date last seen Copy number Koha item type
Dewey Decimal Classification   المكتبة المركزبة الجديدة - جامعة القاهرة المكتبة المركزبة الجديدة - جامعة القاهرة 11.02.2024 015.62075 M3452 1976 01000100077230001 23.09.2023 C.1 Books
Cairo University Libraries Portal Implemented & Customized by: Eng. M. Mohamady Contacts: new-lib@cl.cu.edu.eg | cnul@cl.cu.edu.eg
CUCL logo CNUL logo
© All rights reserved — Cairo University Libraries
CUCL logo
Implemented & Customized by: Eng. M. Mohamady Contact: new-lib@cl.cu.edu.eg © All rights reserved — New Central Library
CNUL logo
Implemented & Customized by: Eng. M. Mohamady Contact: cnul@cl.cu.edu.eg © All rights reserved — Cairo National University Library